000 00987nam a2200289Ia 4500
003 OSt
005 20220928113703.0
006 a|||||r|||| 00| 0
007 ta
008 220927b |||||||| |||| 00| 0 eng d
020 _cUSD 31.95
024 _a133342
037 _b251, 09/03/2017, Classic Book Service
_cTextual
040 _aSDCL
_cSDCL
_beng
041 _2eng
_aeng
082 _aX:72, Q6
100 _aOlivier Blanchard Ed.
_9434503
245 0 _aProgress and confusion
_b the state of macroeconomic policy
260 _aCambridge
_bThe MIT Press
_c2016
300 _avii,304p.
_ccm.
650 _aBusiness Economics
_9391653
700 _a Rajan Raghuram Ed.
_9434504
700 _a Rogoff Kenneth Ed.
_9434505
700 _a Summers Lawrence H. Ed.
_9434506
942 _hX:72, Q6
_cTEXL
_2CC
999 _c750834
_d750834